| 000 | 00575nam a2200145 a 4500 | ||
|---|---|---|---|
| 001 | 000027471 | ||
| 005 | 20240313135919.0 | ||
| 008 | 110401s1954 dr 000 0 spa d | ||
| 040 |
_aDO-SdBNP _bspa _cBNPHU |
||
| 100 | 1 |
_a Mejía-Ricart G., Marcio, _d1933- _q(Mejía-Ricart Guzmán), | _98411 |
|
| 245 | 1 | 0 |
_aPrincipios fundamentales de economía política : _badecuada a las instituciones dominicanas / _cMarcio Antonio Mejía- Ricart G. |
| 260 |
_aCiudad Trujillo, República Dominicana : _bEditorial Librería Dominicana, _c1954. |
||
| 300 |
_a208 P. ; _c23 cm. |
||
| 049 | _aBNPD | ||
| 999 |
_c26963 _d26963 |
||